| 000 | 02800nam a22004697a 4500 | ||
|---|---|---|---|
| 001 | 972802234 | ||
| 003 | OCoLC | ||
| 005 | 20241110180057.0 | ||
| 006 | m o d | ||
| 007 | cr ||||||||||| | ||
| 008 | 170215t20182018nyua ob 000 0 eng d | ||
| 020 |
_qpaperback _a9780071843539 |
||
| 020 |
_z0071843531 _qpaperback |
||
| 040 | _cKWIU | ||
| 041 | _aeng | ||
| 049 |
_aYYEA _aVZYM |
||
| 080 |
_a617.7 _bV-32 |
||
| 100 |
_9250 _aRiordan-Eva, Paul _eEditor |
||
| 245 | 0 | 0 |
_aVaughan & Asbury's general ophthalmology _ceditors, Paul Riordan-Eva, James J. Augsburger. |
| 246 | 3 | _aVaughan and Asbury's general ophthalmology. | |
| 246 | 3 | _aGeneral ophthalmology. | |
| 250 | _a19th ed. | ||
| 260 |
_aNew York : _bMcGraw-Hill, _c2018 |
||
| 300 |
_a511 p. _bcolor illustrations. |
||
| 365 | _b84.61 usd | ||
| 500 | _aEINSTEIN & MMC: available online via AccessMedicine. See Reference staff for assistance. | ||
| 504 | _aIncludes bibliographical references. | ||
| 505 | 0 | _aAnatomy & embryology of the eye -- Ophthalmologic examination -- Ophthalmic emergencies -- Lids & lacrimal apparatus -- Conjunctiva & tears -- Cornea -- Uveal tract & sclera -- Lens -- Vitreous -- Retina -- Glaucoma -- Strabismus -- Orbit -- Neuro-ophthalmology -- Ocular disorders associated with systemic diseases -- Immunologic diseases of the eye -- Special subjects of pediatric interest -- Ophthalmic genetics -- Ophthalmic trauma -- Causes and prevention of vision loss -- Optics & refraction -- Ophthalmic therapeutics -- Lasers in ophthalmology -- Low vision -- Vision rehabilitation -- Appendix: Functional vision score. | |
| 520 | 2 | _a"For more than five decades, General Ophthalmology has offered authoritative, state-of-the-art coverage of the diagnosis and treatment of all major ophthalmic diseases, as well as neurological and systemic diseases causing visual disturbances. The Nineteenth Edition builds on this tradition of excellence by offering a new full-color presentation, an increased number of color photos, and cutting-edge content additions and updates - to deliver all-inclusive coverage that encompasses pathophysiology, basic science, and the latest clinical perspectives"--Publisher's description. | |
| 588 | _aDescription based on online resource; title from resource home page (AccessMedicine, viewed July 19, 2017). | ||
| 650 | 1 | 2 |
_aEye Diseases _xtherapy. |
| 650 | 1 | 0 |
_aOphthalmology _9251 |
| 650 | 1 | 0 |
_aMedicine _969 |
| 650 | 2 | 2 | _aDiagnostic Techniques, Ophthalmological. |
| 650 | 2 | 2 | _aOcular Physiological Phenomena. |
| 653 | _aოფთალმოლოგია | ||
| 653 | _aმედიცინა | ||
| 653 | _aთვალის დაავადებები | ||
| 700 | 1 | _aRiordan-Eva, Paul. | |
| 700 | 1 | _aAugsburger, James J. | |
| 942 |
_2udc _cBK _e19 |
||
| 999 |
_c358 _d358 |
||